Statistiken für Ballon d‘Or 2022 Ranking

Klicken Sie hier um das Quiz zu spielen!

Allgemein

  • Dieses Quiz wurde 68 mal gespielt
  • Das Durchschnittsergebnis liegt bei 23 aus 30

Antwortstatistiken

RangNationalitätVereinePunkteAntwort% Korrekt
6FrankreichParis Saint-Germain85Kylian Mbappe
98%
1FrankreichReal Madrid549Karim Benzema
96%
5ÄgyptenLiverpool116Mohamed Salah
96%
11SüdkoreaTottenham Hotspur5Son Heung-min
96%
10NorwegenBorussia Dortmund18Erling Haaland
95%
4PolenBayern München170Robert Lewandowski
95%
2SenegalLiverpool193Sadio Mane
95%
3BelgienManchester City175Kevin de Bruyne
93%
9KroatienReal Madrid20Luka Modric
93%
8BrasilienReal Madrid61Vinicius Junior
91%
12AlgerienManchester City4Riyad Mahrez
88%
20PortugalJuventus/
Manchester United
0Cristiano Ronaldo
84%
7BelgienReal Madrid82Thibaut Courtois
84%
25FrankreichRB Leipzig0Christopher Nkunku
81%
21EnglandTottenham Hotspur0Harry Kane
79%
17SerbienFiorentina/ Juventus1Dusan Vlahovic
75%
14PortugalAC Milan2Rafael Leao
75%
16NiederlandeLiverpool1Virgil van Dijk
75%
25DeutschlandBayern München0Joshua Kimmich
72%
17KolumbienPorto/ Liverpool1Luis Diaz
72%
22PortugalManchester City0Bernardo Silva
70%
25DeutschlandChelsea0Antonio Rüdiger
67%
25UruguayBenfica0Darwin Nunez
65%
22EnglandManchester City0Phil Foden
65%
13ElfenbeinküsteAjax2Sebastien Haller
63%
22EnglandLiverpool0Trent Alexander-Arnold
60%
25PortugalManchester City0Joao Cancelo
47%
25FrankreichAC Milan0Mike Maignan
46%
14BrasilienLiverpool2Fabinho
39%
17BrasilienReal Madrid1Casemiro
32%

Verteilung der Resultate

Perzentil nach korrekt beantworteten Fragen

Anzahl Personen mit jedem Resultat

Ihre Resultats-Entwicklung

Sie haben dieses Quiz noch nicht gespielt